[Event "San Pedro del Pinatar op 6th"]
[Site "San Pedro del Pinatar"]
[Date "2015.01.30"]
[Round "1"]
[White "Aparicio Gascon, Pedro"]
[Black "Gonzalez Guirao, Pedro Manuel"]
[Result "1/2-1/2"]
[WhiteElo "2012"]
[BlackElo "1554"]
[PlyCount "86"]
[EventDate "2015.01.30"]
[EventType "swiss"]
[EventRounds "7"]
[EventCountry "ESP"]
[SourceTitle "CBM 164 Extra"]
[Source "ChessBase"]
[SourceDate "2015.03.02"]
[SourceVersion "1"]
[SourceVersionDate "2015.03.02"]
[SourceQuality "1"]

1. e4 e6 2. d4 d5 3. Nd2 dxe4 4. Nxe4 Bd7 5. Nf3 Bc6 6. Bd3 Nd7 7. 0-0 Be7 8. Qe2 Ngf6 9. Ng3 0-0 10. Re1 Bxf3 11. Qxf3 c6 12. c3 Re8 13. Bg5 Nf8 14. h4 Nd5 15. Bxe7 Qxe7 16. h5 Qf6 17. Be4 Qxf3 18. Bxf3 Nd7 19. Ne4 N7f6 20. a3 Nxe4 21. Bxe4 Nf6 22. Bf3 Re7 23. b4 Rae8 24. Re5 Nd7 25. Re3 Nb6 26. a4 Nd5 27. Bxd5 exd5 28. Rxe7 Rxe7 29. Kf1 f5 30. f3 Kf7 31. Kf2 Kf6 32. f4 g5 33. hxg6 hxg6 34. Rh1 Kg7 35. Kf3 Re8 36. a5 a6 37. Kf2 Re4 38. Kf3 Re8 39. g3 Re7 40. Rd1 Re4 41. Rd2 Kf6 42. Rh2 Kg7 43. Re2 Kf6 1/2-1/2